000 00598nam a2200241Ia 4500
003 OSt
005 20221005120851.0
006 a|||||r|||| 00| 0
007 ta
008 221004b |||||||| |||| 00| 0 eng d
024 _a51787
037 _cTextual
040 _aCRL
_cCRL
_beng
041 _2eng
_aeng
082 _aR3xC57x, H2 under size
100 _aPlato
245 0 _aFive dialogues
260 _c1942
490 _aEveryman's library; 456
650 _aPHILOSOPHY
942 _hR3xC57x, H2 under size
_cTEXL
_2cc
999 _c1039354
_d1039354